000 00640nam a2200181 i 4500
001 64947
003 ES-MaACL
005 20230906165250.0
007 t|
008 040107s1920 fr ||||1| fre d
100 1 _aFournol, Etienne.
_951999
245 1 0 _aSur les chemins qui mènent à Rome :
_bremarques sur le rétablissement de l'ambassade du Vatican /
_cEtienne Fournol.
260 _a[Paris :
_bBossard,
_c1920 (
_eAbbeville :
_fF. Paillart)
300 _a103 p. ;
_c17 cm.
610 2 4 _aIglesia Católica-
_xRelaciones-
_zFrancia.
_9172914
651 4 _aFrancia-
_xRelaciones-
_xIglesia Católica.
_9172913
852 _aES-MaACL
_jF-3024
999 _c64947
_d64947